Guess the 1970s song lyrics #13 - Statistics

General Stats
  • This quiz has been taken 49 times
  • The average score is 108 of 182
Answer Stats
Answer % Correct
a
100%
A
100%
I
98%
and
93%
it
93%
me
93%
You
93%
you
93%
in
90%
the
90%
My
88%
my
88%
when
88%
your
86%
to
83%
on
81%
be
79%
love
79%
we
79%
so
76%
at
74%
know
74%
don't
71%
no
71%
what
71%
You're
71%
you're
71%
But
69%
heart
69%
they
69%
can
67%
say
67%
want
67%
I'm
64%
like
62%
just
60%
all
57%
with
57%
With
57%
from
55%
fire
52%
kiss
48%
now
48%
up
48%
Baby
45%
car
45%
liar
45%
lie
45%
had
43%
hold
43%
night
43%
Cause
40%
couldn't
40%
Well
40%
right
38%
start
38%
turn
38%
wanna
38%
apart
36%
burn
36%
Burn
36%
stay
36%
Take
36%
tear
36%
ooh
33%
Ooh
33%
radio
33%
alone
31%
home
31%
riding
31%
doing
29%
taking
29%
burning
26%
tight
26%
bet
24%
Delilah
24%
grip
24%
Juliet
24%
Romeo
24%
Samson
24%
words
24%
close
21%
Late
21%
cool
19%
fool
19%
Hot
19%
kisses
19%
Kisses
19%
pulling
19%
stays
19%
deny
17%
actin
14%
Touchin
14%
Touchin
14%
split
12%
jumpin
10%
nerves
10%
No matching quizzes found
Score Distribution
Percent of People with Each Score
Percentile by Number Answered
Your Score History
You have not taken this quiz